Prediction Financial Stability of Romanian Production Companies through Altman Z-score

Prognózovanie finančného zdravia podniku pomocou Altmanovho Z-skóre. Finančno-ekonomická analýza. Stanovenie spôsobov a ukazovateľov analyzujúcich vybrané výrobné spoločnosti v Rumunsku.

Salvato in:
Dettagli Bibliografici
Autore principale: Siekelová, Anna
Altri autori: Kovalová, Erika, Ciurlău, Florin Cristian
Natura: Capitolo di libro
Lingua:inglese
Soggetti:
Tags: Aggiungi Tag
Nessun Tag, puoi essere il primo ad aggiungerne!!

MARC

LEADER 00000naa a2200000 4500
001 0265122
005 20221104111254.7
041 0 |a eng 
044 |a SK 
245 1 0 |a Prediction Financial Stability of Romanian Production Companies through Altman Z-score  |c Anna Siekelová, Erika Kovalová, Florin Cristian Ciurlău 
520 |a Prognózovanie finančného zdravia podniku pomocou Altmanovho Z-skóre. Finančno-ekonomická analýza. Stanovenie spôsobov a ukazovateľov analyzujúcich vybrané výrobné spoločnosti v Rumunsku. 
610 2 0 |a metóda Altmanova 
610 2 0 |a bankrot 
610 2 0 |a prognózy 
610 2 0 |a insolventnosť 
610 2 0 |a zdravie podniku finančné 
610 2 0 |a analýza finančná 
610 2 0 |a podnik výrobný 
610 2 0 |a Rumunsko 
100 1 |a Siekelová, Anna 
700 1 |a Kovalová, Erika 
700 1 |a Ciurlău, Florin Cristian